00581nam a2200205uu 4500001000800000005001700008008004100025035001200066035002100078040001300099041000800112080000700120100002900127245002600156250001100182260007500193300003500268650002200303700005000325102368820260507074620.0070411s1941 spa  a1023688 a(OCoLC)777600367 ccomduadb aspa aQS10aLevi, Giuseppe4auteaut10aTratado de histologia a2. ed. aBarcelona :bEditorial Labor. Presses Universitaires de France,c1941. a800 páginas :bilustraciones 7aHistología2dcs10aFernández Galiano, Emilio,d1946-4auteaut